Les 10 mangas les plus vendus au Japon au premier semestre 2026 - Statistiques

Statistiques générales
  • Ce quiz a été pris 17 fois
  • Le résultat moyen est 3 sur 10
Statistiques - réponses
Nombre de tomes vendus Nom du manga % Correct
2 1 598 476 One Piece
100%
3 1 433 563 Jujutsu Kaisen
50%
4 1 266 011 Blue Lock
25%
1 1 618 588 Frieren
25%
5 1 147 619 Chainsaw Man
13%
10 859 898 Les Carnets de l'apothicaire
13%
9 876 937 Sakamoto Days
13%
7 913 662 Spy x Family
13%
8 908 667 Bloom
0%
6 1 137 742 Jujutsu Kaisen Modulo
0%
Aucun quiz correspondant
Distribution des résultats
% des personnes avec chaque résultat
Percentile par nombre de réponses
Votre historique - résultats
Vous n’avez pas pris ce quiz